000 00594nam a2200181 i 4500
001 55430
003 ES-MaACL
005 20250913172626.0
007 t|
008 030919s1968 sp ||||1| spa d
245 0 4 _aLos derechos humanos
_b: declaraciones y convenios internacionales /
_ccon un estudio preliminar de Antonio Truyol.
260 _aMadrid :
_bTecnos,
_c[1968]
300 _a160 p. ;
_c20 cm.
650 0 7 _aDerechos humanos
_2embne
_911770
700 1 _aTruyol y Serra, Antonio,
_d1913-2003
_9111597
852 _aES-MaACL
_jC-34751
_bR.66533
999 _c55430
_d55430